El placer del texto y lección inaugural

Uloženo v:
Podrobná bibliografie
Hlavní autor: Barthes, Roland (Autor)
Médium: Kniha
Jazyk:španělština
Vydáno: Buenos Aires Siglo Veintiuno 2006
Témata:
Tagy: Přidat tag
Žádné tagy, Buďte první, kdo vytvoří štítek k tomuto záznamu!

MARC

LEADER 00000nam a2200000 a 4500
001 UCJ2237
003 CL-VaPUC
008 061201e20060000AG |||||||||||||||||spa|d
020 |a 9871105223 
082 0 4 |a 801  |b BAR  |2 21 
100 |a Barthes, Roland  |e author  |9 265510 
245 1 3 |a El placer del texto y lección inaugural 
300 |a 150 p 
942 |c BK 
945 |d 20061201 00:00:00  |a jtorresc 
260 |a Buenos Aires  |b Siglo Veintiuno  |c 2006 
650 0 |a Estilo literario  |9 316417 
650 7 |a SIMBOLISMO EN LA LITERATURA  |2 CL-VaPUC  |9 268713 
650 7 |a NARRACION RETORICA  |2 CL-VaPUC  |9 503193 
583 |a last modification  |c 20061201 00:00:00  |k Rodrigo Vera 
999 |c 318587  |d 318585 
952 |0 0  |1 0  |4 0  |6 801_000000000000000_BAR_2006  |7 0  |8 A  |9 396497  |a BIBCUR  |b BIBCUR  |d 2019-11-22  |i 4303199  |o 801 BAR 2006  |p 4303199  |r 2025-04-22  |w 2019-11-22  |y BK  |k MGC